000 00256nam a2200097Ia 4500
001 801182
005 20250826171032.0
008 250824s9999 xx 000 0 und d
245 0 _aDİNO AVCISI SUALTI DİNOZOLARI
_cFRANCO
260 _bUĞUR BÖCEĞİ YAYINLARI
999 _c801182
_d801182